000 00328nam a22001457a 4500
003 SGT
020 _a8190136992
082 _a576.83,SIN
100 _aSINGH,T.D.
245 _aLIFE MATTER AND THEIR INTERACTIONS
260 _aKOLKATA
_bBHAKTIVEDANTA INSTITUTE
_c2014
300 _a122
650 _a Science
942 _2ddc
_cBK
999 _c23398
_d23398